书目信息 |
| 题名: |
线性代数
|
|
| 作者: | 赵立军 , 吴奇峰 , 宋杰 主编 | |
| 分册: | ||
| 出版信息: | 北京 北京大学出版社 2019.7 |
|
| 页数: | 156页 | |
| 开本: | 19cm | |
| 丛书名: | ||
| 单 册: | ||
| 中图分类: | O151.2 | |
| 科图分类: | ||
| 主题词: | 线性代数--高等学校--教材 | |
| 电子资源: | ||
| ISBN: | 978-7-301-30565-2 | |
| 000 | 00892nam0 2200241 450 | |
| 001 | 2057364465 | |
| 005 | 20201105155611.42 | |
| 010 | @a978-7-301-30565-2@dCNY36.00 | |
| 100 | @a20200517d2019 em y0chiy0110 ea | |
| 101 | 0 | @achi |
| 102 | @aCN@b110000 | |
| 105 | @af z 000zy | |
| 200 | 1 | @a线性代数@9Xian Xing Dai Shu@f赵立军,吴奇峰,宋杰主编 |
| 210 | @a北京@c北京大学出版社@d2019.7 | |
| 215 | @a156页@d19cm | |
| 330 | @a教材内容经典,体系完备,结构合理.内容包括:行列式、矩阵、线性方程组、特征值与特征向量、二次型.针对以教学为主的应用型大学特点,教材中尽量减少繁琐的理论证明,加强计算和应用方面练习,同时兼顾分层次教学及考研的需要. | |
| 606 | 0 | @a线性代数@x高等学校@j教材 |
| 690 | 0 | @aO151.2@v5 |
| 701 | 0 | @a赵立军@9Zhao Li Jun@4主编 |
| 701 | 0 | @a吴奇峰@9Wu Qi Feng@4主编 |
| 701 | 0 | @a宋杰@9Song Jie@4主编 |
| 801 | 0 | @aCN@b(网众)采访数据@c20201012 |
| 905 | @aZUCC@dO151.2@eZ312 | |
| 线性代数/赵立军,吴奇峰,宋杰主编.-北京:北京大学出版社,2019.7 |
| 156页;19cm |
| ISBN 978-7-301-30565-2:CNY36.00 |
| 教材内容经典,体系完备,结构合理.内容包括:行列式、矩阵、线性方程组、特征值与特征向量、二次型.针对以教学为主的应用型大学特点,教材中尽量减少繁琐的理论证明,加强计算和应用方面练习,同时兼顾分层次教学及考研的需要. |
| ● |
| 相关链接 |
|
|
|
正题名:线性代数
索取号:O151.2/Z312
 
预约/预借
| 序号 | 登录号 | 条形码 | 馆藏地/架位号 | 状态 | 备注 |
| 1 | 1479498 | 214794980 | 自科库401/401自科库 71排2列1层/ [索取号:O151.2/Z312] | 在馆 | |
| 2 | 1479499 | 214794999 | 自科库401/401自科库 71排2列1层/ [索取号:O151.2/Z312] | 在馆 |